| 000 | 01028cam a22002895i 4500 | ||
|---|---|---|---|
| 999 |
_c17820 _d17792 |
||
| 003 | EG-ScBUE | ||
| 005 | 20210127105222.0 | ||
| 008 | 131209s2009 ua g 000 i ara d | ||
| 017 | _a1999 / 3032 | ||
| 020 | _a9772704919 | ||
| 040 |
_aEG-ScBUE _bara _erda _cEG-ScBUE _dEG-ScBUE |
||
| 082 | 0 | 4 |
_a892.766 _bم ط ا _222 |
| 100 | 1 |
_aمطاوع، عبد الوهاب، _d1940-2004، _eمؤلف. |
|
| 245 | 1 | 0 |
_aدموع القلب / _cعبد الوهاب مطاوع. |
| 250 | _aالطبعة الخامسة. | ||
| 264 | 1 |
_aالقاهرة : _bالدار المصرية اللبنانية، _c2009. |
|
| 300 |
_a167 صفحة ؛ _c20 سم |
||
| 336 |
_aنص _btxt _2rdacontent |
||
| 337 |
_aبدون وسيط _bn _2rdamedia |
||
| 338 |
_aمجلد _bnc _2rdacarrier |
||
| 590 | _aBook for the road program. | ||
| 650 | 7 |
_aالرسائل العربية _yقرن 21. _2EG-ScBUE |
|
| 650 | 7 |
_aالمشاكل الاجتماعية _vرسائل. _2EG-ScBUE |
|
| 651 | _2BUEsh | ||
| 653 |
_bARALIT _bGGEN _cDecember2013 |
||
| 942 |
_2ddc _cBB |
||